Retail parky majú investičný potenciál

Koncept retail parkov je dlhodobo stabilným prvkom maloobchodných aktív, ktorý je odolný voči trhovým výkyvom. Pre svoju výkonnosť a možnosť fungovať aj mimo veľkých miest sú retail parky atraktívnou možnosťou pre nájomcov. Počas uplynulých piatich rokov bolo naprieč celým Slovenskom skolaudovaných...

Descrizione completa

Salvato in:
Dettagli Bibliografici
Natura: Capitolo di libro
Lingua:slovacco
Soggetti:
Tags: Aggiungi Tag
Nessun Tag, puoi essere il primo ad aggiungerne!!

MARC

LEADER 00000naa a2200000 4500
001 0300506
005 20240529095445.1
041 0 |a slo 
044 |a SK 
245 1 0 |a Retail parky majú investičný potenciál 
520 |a Koncept retail parkov je dlhodobo stabilným prvkom maloobchodných aktív, ktorý je odolný voči trhovým výkyvom. Pre svoju výkonnosť a možnosť fungovať aj mimo veľkých miest sú retail parky atraktívnou možnosťou pre nájomcov. Počas uplynulých piatich rokov bolo naprieč celým Slovenskom skolaudovaných až 19 retail parkov s celkovou prenajímateľnou plochou 93 400 m2. 
610 2 0 |a domy obchodné 
610 2 0 |a maloobchod 
610 2 0 |a nástroje investičné 
610 2 0 |a podnikanie zodpovedné 
610 2 0 |a prenájom